Manual handling (Record no. 110929)

MARC details
000 -LEADER
fixed length control field 00993cad a22002295a 4500
001 - CONTROL NUMBER
control field L150635
008 - FIXED-LENGTH DATA ELEMENTS--GENERAL INFORMATION
fixed length control field 100805s2004 xxk f 000 0 eng d
020 ## - INTERNATIONAL STANDARD BOOK NUMBER
International Standard Book Number 9780717628230
035 ## - SYSTEM CONTROL NUMBER
System control number (Sirsi) u150635
041 0# - LANGUAGE CODE
Language code of text/sound track or separate title eng
110 2# - MAIN ENTRY--CORPORATE NAME
Corporate name or jurisdiction name as entry element Great Britain
Subordinate unit Health and Safety Executive
245 00 - TITLE STATEMENT
Title Manual handling
Remainder of title Manual Handling Operations Regulations 1992 (as amended), guidance on regulations
Medium [electronic resource]
250 ## - EDITION STATEMENT
Edition statement 3rd ed.
260 ## - PUBLICATION, DISTRIBUTION, ETC.
Place of publication, distribution, etc. [S.l.]
Name of publisher, distributor, etc. HSE
Date of publication, distribution, etc. 2004
490 #0 - SERIES STATEMENT
Series statement HSE Health and Safety Guidance
Volume/sequential designation (L23)
520 ## - SUMMARY, ETC.
Summary, etc. Guidance on the Manual Handling Operations Regulations 1992 as amended by the Health and Safety (Miscellaneous Amendments) Regulations 2002. (Web friendly version of L23)
650 24 - SUBJECT ADDED ENTRY--TOPICAL TERM
Topical term or geographic name entry element HEALTH AND SAFETY (MISCELLANEOUS AMENDMENTS) REGULATIONS 2002
651 #4 - SUBJECT ADDED ENTRY--GEOGRAPHIC NAME
Geographic name Great Britain
Chronological subdivision 1707-
690 ## - LOCAL SUBJECT ADDED ENTRY--TOPICAL TERM (OCLC, RLIN)
Topical term or geographic name as entry element Health and safety
9 (RLIN) 6244
856 40 - ELECTRONIC LOCATION AND ACCESS
Uniform Resource Identifier <a href="https://www.hse.gov.uk/pubns/priced/l23.pdf">https://www.hse.gov.uk/pubns/priced/l23.pdf</a>
Public note View the guidance free of charge at www.hse.gov.uk
942 ## - ADDED ENTRY ELEMENTS (KOHA)
Suppress in OPAC 0
Holdings
Withdrawn status Lost status Source of classification or shelving scheme Damaged status Not for loan Home library Current library Shelving location Date acquired Total Checkouts Full call number Barcode Date last seen Copy number Price effective from Koha item type
    Dewey Decimal Classification     London London Books 05/08/2010   ONLINE PUBLICATION 150635-1001 06/08/2019 1 06/08/2019 Book